00723 2200253 4500001002100000005001700021008004100038020002200079035002400101040001200125082001200137090001900149100002200168245008100190260004300271300002300314490002500337650001500362700002600377850001200403990001800415990001800433990001800451YOGYA-0411000000234520110428085358.0 ind  a978-979-026-348-2 0010-041100000002345 aYOPDYOG a297.382 a297.382bRid D aRIDHA, Abu Nabiel aDoa-doa pemikat kebahagiaan / Abu Nabiel Ridha ; editor M. Alaika Salamullah aYogjakartabPustaka Insan Madanic2010 aix, 109 hlmc15 cm aSeri Doa-doa pilihan aDoa(Islam) aSalamullah, M. Alaika aYOPDYOG a51904-PD/B.10 a51903-PD/B.10 a51902-PD/B.10